Seconde guerre mondiale - Statistiques

Statistiques générales
  • Ce quiz a été pris 160 fois
  • Le résultat moyen est 8 sur 15
Statistiques - réponses
Question Réponse % Correct
quel est le nom de l'empereur a la tête du Japon Hirohito
90%
comment se nomme le héros de la résistance française étant décédé sous la torture jean moulin
90%
quel est le nom de la bataille marquant le tournant de la guerre dans le pacifique midway
88%
comment apelle t on la technique d'attaque allemande au début de la guerre "blietzkrieg"
85%
quel est le nom du général français qui est entré dans paris le premier à sa libération Leclerc
83%
quelle est la date de l'attaque de Pearl Harbor 7 décembre 1941
75%
quel pays a été annexé par l'Allemagne nazie en 1938? Autriche
67%
quel est le nom du général allemand commandant les troupes de l'"Afrikakorps" rommel
62%
a quel poète doit on les vers diffusé à la radio permettant l'annonce de l'arrivé des alliés en normandie verlaine
46%
comment est mort Mussolini? pendu
44%
quelle est la date de la libération du camp d'Auschwitz 27 janvier 1945
35%
en quelle année la flotte française a été coulée dans le port de Toulon? 1942
27%
quelle a été la plage du débarquement où un contingent français a été déployé sword beach
17%
quel est le nom du repère d'Hitler à la fin de la seconde guerre mondiale? le blockhaus
13%
quel fut le premier débarquement allié ? dieppes
12%
Aucun quiz correspondant
Distribution des résultats
% des personnes avec chaque résultat
Percentile par nombre de réponses
Votre historique - résultats
Vous n’avez pas pris ce quiz